000 00870nam a2200289Ia 4500
001 C0520
003 IT-RoPAU
008 130308s9999 xx 000 0 und d
040 _aIT-RoPAU
040 _cIT-RoPAU
041 _aITALIANO
100 _aMagny Joel
100 _gCodice Aut. SPICS: 20550
245 _a"Dalla ""camera-stylo"" alla nouvelle vague"
245 _bNouvelle Vague
250 _a2a ed.
260 _aTORINO
260 _bLindau
260 _c1993 [1° Ed.:1993 - Ed.Ling.Originale:1993]
300 _a"6 p. (prefazione: no ; testo: 6 [pagine: 21-26])"
500 _aRiflessioni Sulla Nouvelle vague Francese, con un Po' della Sua Storia in Cui Spicca Andre' Bazin con I Suoi Fondamenti Teorici.
650 _aMANIFESTAZIONI CINEMATOGRAFICHE
650 _eCodice materia Spics: 6815
942 _cBK
957 _71
999 _c84265
_d84265
999 _g1